Cải tiến trò chơi dân gian trong quá trình hình thành biểu tượng toán học cho trẻ mẫu giáo lớn (5 - 6 tuổi)
Cơ sở lý luận và thực tiễn của đề tài. Hệ thống TCDG được cải tiến trong quá trình HTBTTH. Thực nghiệm sư phạm.
Bewaard in:
| Hoofdauteur: | |
|---|---|
| Andere auteurs: | |
| Formaat: | Boek |
| Taal: | Vietnamese |
| Gepubliceerd in: |
Đại học Đà Nẵng
ĐH Sư phạm
2009
|
| Onderwerpen: | |
| Tags: |
Voeg label toe
Geen labels, Wees de eerste die dit record labelt!
|
| Thư viện lưu trữ: | Mạng thư viện Đại học Đà Nẵng |
|---|
| LEADER | 01535nam a2200373 4500 | ||
|---|---|---|---|
| 001 | 000011652 | ||
| 003 | 7911 | ||
| 005 | 20120208070213.0 | ||
| 008 | 120208s2009 viesd | ||
| 041 | |a vie | ||
| 072 | |a Khóa luận tốt nghiệp | ||
| 082 | |a 372.7 |b NG-T | ||
| 100 | |a Ngô, Thị Thanh Tú |e Tác giả | ||
| 245 | |a Cải tiến trò chơi dân gian trong quá trình hình thành biểu tượng toán học cho trẻ mẫu giáo lớn (5 - 6 tuổi) |c Ngô Thị Thanh Tú | ||
| 260 | |a Đại học Đà Nẵng |b ĐH Sư phạm |c 2009 | ||
| 300 | |a 71 tr. |c 29 cm | ||
| 500 | |a Khóa luận tốt nghiệp khoa Giáo dục Tiểu học - Mầm non. Lớp 05 MN | ||
| 520 | |a Cơ sở lý luận và thực tiễn của đề tài. Hệ thống TCDG được cải tiến trong quá trình HTBTTH. Thực nghiệm sư phạm. | ||
| 653 | |a Cải tiến | ||
| 653 | |a Trò chơi dân gian | ||
| 653 | |a Toán học | ||
| 653 | |a Mẫu giáo lớn | ||
| 653 | |a 5 - 6 tuổi | ||
| 700 | |a Vũ Thị Thanh Huyền |c Th.S |e Hướng dân | ||
| OWN | |a LSP | ||
| AVA | |a UDN50 |b LSP |d 372.7 NG-T |e available |t Error 5001 Not defined in file expand_doc_bib_avail. |f 1 |g 0 |h N |i 0 |k 1 | ||
| 999 | |a From the UDN01 | ||
| AVA | |a UDN50 |b LSP |d 372.7 NG-T |e available |t Error 5001 Not defined in file expand_doc_bib_avail. |f 1 |g 0 |h N |i 0 |k 1 | ||
| TYP | |a Monograph | ||
| TYP | |a Printed language | ||
| 980 | |a Mạng thư viện Đại học Đà Nẵng | ||